000
00237nam a2200121Ia 4500
100
_a
Dept of Humanities
650
_a
Physics
942
_c
BK
245
_a
Applied Physics- Sem ii
260
_b
#N/A
546
_a
ENGLISH
999
_c
19434
_d
19434